<?xml version="1.0" encoding="UTF-8"?>
<record
    xmlns:xsi="http://www.w3.org/2001/XMLSchema-instance"
    xsi:schemaLocation="http://www.loc.gov/MARC21/slim http://www.loc.gov/standards/marcxml/schema/MARC21slim.xsd"
    xmlns="http://www.loc.gov/MARC21/slim">

  <leader>00886na  a2200253   4500</leader>
  <controlfield tag="001">18764</controlfield>
  <controlfield tag="003">MIRAKIL</controlfield>
  <controlfield tag="005">20181213155045.0</controlfield>
  <controlfield tag="008">161126b        tu            000 0      </controlfield>
  <datafield tag="040" ind1=" " ind2=" ">
    <subfield code="a">Milas</subfield>
    <subfield code="b">tur</subfield>
    <subfield code="c">TR-AnCHP</subfield>
  </datafield>
  <datafield tag="041" ind1=" " ind2=" ">
    <subfield code="a">tur</subfield>
  </datafield>
  <datafield tag="082" ind1=" " ind2=" ">
    <subfield code="a">307.1</subfield>
    <subfield code="b">K35g 2009</subfield>
  </datafield>
  <datafield tag="090" ind1=" " ind2=" ">
    <subfield code="a">307.1 K35g 2009</subfield>
  </datafield>
  <datafield tag="111" ind1=" " ind2=" ">
    <subfield code="a">Kentle&#x15F;me &#x15E;uras&#x131;</subfield>
    <subfield code="c">Ankara</subfield>
    <subfield code="d">2009</subfield>
  </datafield>
  <datafield tag="245" ind1=" " ind2=" ">
    <subfield code="a">Genel kurul &#xE7;al&#x131;&#x15F;malar&#x131;</subfield>
    <subfield code="b">4-7 May&#x131;s 2009 Ankara</subfield>
    <subfield code="c">T.C. Bay&#x131;nd&#x131;rl&#x131;k ve &#x130;skan Bakanl&#x131;&#x11F;&#x131;</subfield>
  </datafield>
  <datafield tag="246" ind1=" " ind2=" ">
    <subfield code="a">4-7 May&#x131;s 2009 Ankara</subfield>
  </datafield>
  <datafield tag="260" ind1=" " ind2=" ">
    <subfield code="a">Ankara</subfield>
    <subfield code="b">T.C. Bay&#x131;nd&#x131;rl&#x131;k ve &#x130;skan Bakanl&#x131;&#x11F;&#x131;</subfield>
    <subfield code="c">2009</subfield>
  </datafield>
  <datafield tag="300" ind1=" " ind2=" ">
    <subfield code="a">471 s.</subfield>
    <subfield code="b">res.;</subfield>
    <subfield code="c">23 sm.</subfield>
  </datafield>
  <datafield tag="610" ind1=" " ind2=" ">
    <subfield code="a"> T.C. Bay&#x131;nd&#x131;rl&#x131;k ve &#x130;skan Bakanl&#x131;&#x11F;&#x131;</subfield>
    <subfield code="x">Genel Kurul &#xE7;al&#x131;&#x15F;malar&#x131;</subfield>
  </datafield>
  <datafield tag="650" ind1=" " ind2=" ">
    <subfield code="a">Genel kurul &#xE7;al&#x131;&#x15F;mas&#x131;</subfield>
    <subfield code="x">kentle&#x15F;me</subfield>
    <subfield code="y">2009</subfield>
  </datafield>
  <datafield tag="651" ind1=" " ind2=" ">
    <subfield code="a">T&#xFC;rkiye</subfield>
    <subfield code="x">Kentle&#x15F;me &#x15E;uras&#x131;</subfield>
  </datafield>
  <datafield tag="710" ind1=" " ind2=" ">
    <subfield code="a">T.C. Bay&#x131;nd&#x131;rl&#x131;k ve &#x130;skan Bakanl&#x131;&#x11F;&#x131;</subfield>
  </datafield>
  <datafield tag="942" ind1=" " ind2=" ">
    <subfield code="2">ddc</subfield>
    <subfield code="c">BKS</subfield>
  </datafield>
  <datafield tag="952" ind1=" " ind2=" ">
    <subfield code="a">0001</subfield>
    <subfield code="b">0001</subfield>
    <subfield code="d">2016-11-26</subfield>
    <subfield code="e">2</subfield>
    <subfield code="l">0</subfield>
    <subfield code="o">307.1 K35g 2009</subfield>
    <subfield code="p">009992</subfield>
    <subfield code="r">2016-11-26 00:00:00</subfield>
    <subfield code="v">0.00</subfield>
    <subfield code="w">2016-11-26</subfield>
    <subfield code="y">BKS</subfield>
  </datafield>
  <datafield tag="999" ind1=" " ind2=" ">
    <subfield code="c">5730</subfield>
    <subfield code="d">5730</subfield>
  </datafield>
</record>
